| 000 | 01476cam a22002535a 4500 | ||
|---|---|---|---|
| 001 | L158614 | ||
| 008 | 150514s2015 xxk f 000 0 eng d | ||
| 035 | _a(Sirsi) u158614 | ||
| 041 | 0 | _aeng | |
| 110 | 2 |
_aLondon Chamber of Commerce and Industry _93039 |
|
| 245 | 0 | 0 |
_aUnlocking London's housing potential _bMaking the most of London's public sector land _h[electronic resource] |
| 260 |
_aLondon _cLondon Chamber of Commerce and Industry _b2015 |
||
| 520 | _aAs part of a campaign to make more brownfield and public sector land available for housing development in London, identifies key data sources for recording details of land owned by public bodies and local authorities Notes the gap in records of land owned by London local authorities and hopes this will be addressed by the establishment of the proposed London Land Commission. Suggests that London local authorities should integrate their land data with the Commission. | ||
| 590 | _aKA | ||
| 650 | 2 | 4 | _aREGISTER OF SURPLUS PUBLIC SECTOR LAND |
| 650 | 2 | 4 | _aNATIONAL LAND USE DATABASE OF PREVIOUSLY DEVELOPMENT LAND |
| 650 | 2 | 4 | _aGREATER LONDON AUTHORITY LAND AND PROPERTY DATABASE |
| 650 | 2 | 4 | _aNATIONAL HEALTH SERVICE SURPLUS LAND COLLECTION |
| 651 | 4 | _aLondon | |
| 690 |
_aResidential property _96266 |
||
| 690 |
_aPlanning and development _96259 |
||
| 856 | 4 | 0 |
_uhttps://www.londonchamber.co.uk/lcc_public/article.asp?aid=170 _zzView the item free of charge from .www.londonchamber.co.uk |
| 942 | _n0 | ||
| 999 |
_c115416 _d115416 |
||